Romanized English-Japanese Japanese-English dictionary

Bibliographic Details
Main Author: Takahashi, M. [ (Morio)] , 1892-1959 (Author)
Format: Book
Published: Tokyo : Taiseido Shobo : 1953
Subjects:

MARC

LEADER 00000cam a2200000 7i4500
001 0000008383
005 20230615093000.0
008 021119n
090 0 0 |a PL679   |b .T34 
100 0 |a Takahashi, M. [  |q (Morio)] ,   |d 1892-1959 ,   |e author 
245 0 0 |a Romanized English-Japanese Japanese-English dictionary   |c Morio Takahashi 
260 2 |a Tokyo :   |b Taiseido Shobo :   |b 1953 
300 |a 1226 p. ; ;   |c 19 cm. 
650 0 |a English language   |v Dictionaries   |x Japanese 
650 0 |a Japanese language   |v Dictionaries   |x English 
999 |a 1000047673   |b Book   |c Reference   |e Gong Badak Campus 
999 |a 1000047674   |b Book   |c Reference   |e Gong Badak Campus